Los intereses de la Francia mal entendidos (Record no. 8468)

MARC details
000 -CABECERA
campo de control de longitud fija 00479nam a2200181 a 4500
001 - NÚMERO DE CONTROL
campo de control BRCA_8817
005 - FECHA Y HORA DE LA ÚLTIMA TRANSACCIÓN
campo de control 20190320210425.0
008 - DATOS DE LONGITUD FIJA--INFORMACIÓN GENERAL
campo de control de longitud fija 260417c--------sp-#######---#000-0#spa-#
041 ## - CÓDIGO DE LENGUA
Código de lengua del texto/banda sonora o título independiente spa
084 ## - OTRO NÚMERO DE CLASIFICACIÓN
Número de clasificación BE198
Número de documento/Ítem .I68
245 10 - MENCIÓN DE TÍTULO
Título Los intereses de la Francia mal entendidos
300 ## - DESCRIPCIÓN FÍSICA
Extensión [6], 368 p.
Dimensiones 14.8 x 11 cm.
500 ## - NOTA GENERAL
Nota general Estado físico: presenta encuadernación en pergamino
500 ## - NOTA GENERAL
Nota general Sin portada
650 14 - PUNTO DE ACCESO ADICIONAL DE MATERIA--TÉRMINO DE MATERIA
Término de materia o nombre geográfico como elemento de entrada Francia
9 (RLIN) 21970
902 ## - CATALOGADOR
Iniciales CFM
942 ## - ELEMENTOS DE PUNTO DE ACCESO ADICIONAL (KOHA)
Fuente del sistema de clasificación o colocación Library of Congress Classification
Tipo de ítem Koha Libros
Holdings
Estado de retiro Estado de pérdida Estado dañado No para préstamo Localización permanente Ubicación/localización actual Fecha de adquisición Total de préstamos Signatura topográfica completa Código de barras Fecha visto por última vez Precio válido a partir de Tipo de ítem Koha
El ejemplar forma parte de la colección y puede ser consultado según las políticas vigentes.       Biblioteca del Museo Franz Mayer (Rogerio Casas-Alatriste) Biblioteca del Museo Franz Mayer (Rogerio Casas-Alatriste) 26/04/2017   BE198 .I68 CFM00144 22/03/2019 22/03/2019 Libros